000 00553nam a2200217Ia 4500
005 20250425161832.0
008 250425s9999 xx 000 0 und d
020 _a0131862146
041 _aeng
082 _a658.503
100 _aNARASIMHAN, SEETHARAMA L.
245 0 _aPRODUCTION PLANNING AND INVENTORY CONTROL
250 _a2ND ED.
260 _aENGLEWOOD
260 _aEstados Unidos
_bPRENTICE HALL
_c2000
300 _a716
650 _aCONTROL DE INVENTARIOS
650 _aPLANEACION DE PRODUCCION
942 _c01
010 _a31808
999 _c217109
_d217109